Statistics for Favorite U.S. Foods

Click here to take the quiz!

General Stats

  • This quiz has been taken 34 times
  • The average score is 3 of 10

Answer Stats

CourseAnswer% Correct
#1FoodsPizza
82%
#3FoodsHamburger
67%
#2FoodsSteak
45%
#2DessertPie
36%
#4 (Tied)FoodsPasta
30%
#4 (Tied)FoodsTacos
24%
#2AppetizerCrab Cakes
6%
#1AppetizerChicken Wings
0%
#1DessertChocolate Cookie
0%
#3AppetizersDips
0%

Score Distribution

Percentile by Number Answered

Percent of People with Each Score

Your Score History

You have not taken this quiz